00413nam a22001457a 450000500170000000800410001702000160005804100130007408200130008710000130010024500420011326000560015530000300021165000260024120240620124536.0240620b |||||||| |||| 00| 0 eng d a040685159X  aEnglish  a349 LAW  lEnglish  aThe All England Law Reports: Reprint  aLondon: bButterworth and Co. Publishers Ltd,c2005 bxx, 1088 pages; c25 cm.  aLegal practice bLaw